Normal view
MARC view
- Swamee, Prabhata K.
Entry Personal Name
001 - CONTROL NUMBER
- control field: 6211
003 - CONTROL NUMBER IDENTIFIER
- control field: NUST
005 - DATE AND TIME OF LATEST TRANSACTION
- control field: 20171109094117.0
008 - FIXED-LENGTH DATA ELEMENTS
- fixed length control field: 171109|| aca||aabn | a|a d
040 ## - CATALOGING SOURCE
- Original cataloging agency: NUST
- Transcribing agency: NUST
100 ## - HEADING--PERSONAL NAME
- Personal name: Swamee, Prabhata K.
- Fuller form of name: (Prabhata Kumar),
- Dates associated with a name: 1940-
670 ## - SOURCE DATA FOUND
- Source citation: Work cat.: (NUST)0: Swamee, Prabhata K. (Prabhata Kumar), 1940-, Design of water supply pipe networks /, c2008.
